Normal view
MARC view
- Kurpicz-Briki M
Entry Personal Name
001 - CONTROL NUMBER
- control field: 215713
003 - CONTROL NUMBER IDENTIFIER
- control field: OSt
005 - DATE AND TIME OF LATEST TRANSACTION
- control field: 20251208102721.0
008 - FIXED-LENGTH DATA ELEMENTS
- fixed length control field: 251208|| aca||aabn | a|a d
040 ## - CATALOGING SOURCE
- Original cataloging agency: OSt
- Transcribing agency: OSt
100 ## - HEADING--PERSONAL NAME
- Personal name: Kurpicz-Briki M
670 ## - SOURCE DATA FOUND
- Source citation: Work cat.: (OSt)369322: Kurpicz-Briki M., More Than A Chatbot: Language Models Demystified, 2023